000 03386nam a22003137i 4500
001 TCPA 99
003 gtcocun
005 20250816220633.0
006 a||||gr|||| 00| 0
008 250816b2021 gt ||||| m||| 00| 0 eng d
040 _agtcocun
_bSPA
_cgtcocun
_eRDA
041 _aSPA
084 _0TCPA 99
100 _aYat Bol, Leybi Xenali
_eAutor
245 _aInforme final del Ejercicio Profesional Supervisado, realizado en la empresa Librería y Papelería Hayben, Cobán, Alta Verapaz/
_cLeybi Xenali Yat Bol
_hImpreso
264 _aCobán, Alta Verapaz:
_bUniversidad de San Carlos de Guatemala, Centro Universitario del Norte, Licenciatura en Contaduría Pública y Auditoría.
_c2021
300 _a89 p:
_bIlustraciones, gráficas.
_c28 cm; PDF
336 _2rdacontenido
_aTexto
_btxt
337 _2rdamedio
_aComputadora
_bn
338 _2rdasoporte
_aCódigo en línea
_bcr
502 _e.
502 _aTesis de grado
_bLicenciatura en Contaduría Pública y Auditoría.
_cUniversidad de San Carlos de Guatemala, Centro Universitario del Norte, Licenciatura en Contaduría Pública y Auditoría.
_d2021
_oTCPA 99
520 1 4 _aLa Universidad San Carlos de Guatemala a través del Centro Universitario del Norte y la Carrera de Contaduría Pública y Auditoria incluye en el pensum de estudio el desarrollo del Ejercicio Profesional Supervisado realizado en la Librería y Papelería Hayben, por medio del cual permite aplicar los conocimientos adquiridos durante la formación académica, la empresa elegida tiene personalidad individual, dedicada a la venta de útiles escolares y de oficina. El Ejercicio Profesional Supervisado se desarrolló en varias fases, dando inicio con el diagnóstico para detectar las debilidades existentes en el área financiera, contable y tributaria de la empresa, posteriormente se redactó y jerarquizo las problemáticas detectadas con la finalidad de solucionar las actividades y dejar constancia en el respetivo plan de trabajo, el proceso finalizó con la fase de ejecución para llevar a cabo cada una de las actividades diagnosticadas. En la fase de ejecución se realizó una auditoría fiscal cuyo proceso sistemático es obtener y evaluar objetivamente la evidencia a cerca de las afirmaciones y hechos relacionados con actos y acontecimientos de carácter tributario de los periodos del 2015 al 2018, se detalló en el informe todos los hallazgos, recomendaciones y opinión necesaria para que la empresa proceda a realizar las rectificaciones y presentar declaraciones de impuestos omitidos. La reestructuración contable se desarrolló para contribuir a producir sistemática y estructuradamente información cuantitativa de las transacciones económicas que afectan a la empresa, para facilitar los procesos de decisión, se plantearon las correcciones detectadas de los períodos 2015 al 2018, se diseñó e implemento un manual contable para apoyar con las mejoras en controles internos de manera que los procedimientos sean seguros y correctos.
650 1 4 _2LEMB
_aCobán, Alta Verapaz.
_xauditoría fiscal
_xmanual contable
_xestados financieros
700 _aLic. Teófilo Remigio Caal Barrientos
_eAsesor
856 _uhttps://drive.google.com/file/d/1KqHmnuRGKGL7a_GLmbxob8Zr5T7ej49Q/view?usp=sharing
_yPDF
_zUn ejemplar en línea.
942 _2ddc
_cTES
_kClasificación
_n0
999 _c1141
_d1141